000 00295nam a22001337a 4500
008 180104b xxu||||| |||| 00| 0 eng d
020 _a072177673
041 _aeng
080 _a616-053.2
100 _a8
101 _aPED
245 _aTEXTBOOK OF PEDIATRIC
_cBEHRMAN,E.R
942 _2udc
_cBK
999 _c39759
_d39759